| 000 | 00591nam a2200205 u 4500 | ||
|---|---|---|---|
| 005 | 20260221063955.0 | ||
| 008 | 110705s2004 es r 000 0 spa d | ||
| 020 | _a8497562550 | ||
| 035 | _aUPN01000181102 | ||
| 049 | _aCG | ||
| 050 | 4 |
_aLB14.7 _bB3.6 |
|
| 100 | 1 |
_aBelenguer Calpe, Enrique _931387 |
|
| 245 | 1 | 3 |
_aEl naturalismo pedagógico / _cEnrique Belenguer Calpe. |
| 260 |
_aMadrid : _bSíntesis, _c[2004]. |
||
| 300 | _a175 p. | ||
| 440 | 0 |
_aTeoría e historia de la educación ; _v5 |
|
| 650 | 4 |
_aEducación _xFilosofía _94994 |
|
| 650 | 4 |
_aNATURALISMO _94993 |
|
| 905 | _aLibro | ||
| 999 |
_c153205 _d153205 |
||